000 01177nam a22002295i 4500
001 157841
003 ES-MaACL
005 20250718063330.0
008 020401s1867 sp |||| | spa d
040 _aCAM
_bspa
_cCAM
100 1 _aLlanos y Alcaraz, Adolfo,
_d1841-post. 1904
_9128996
245 1 1 _a¿Quién es el loco? /
_ccuento escrito por Edgardo Poe ; encajado en la escena de los bufos por Adolfo Llanos y Alcaraz ; y adornado con música por José Rogel.
260 _aMadrid :
_b[s.n.],
_c1867 (
_fImprenta de José Rodriguez)
300 _a27 p. ;
_c20 cm.
500 1 _aEn la port.: Representado por primera vez en Madrid, en el teatro de los Bufos Madrileños (Variedades), el día 8 de abril de 1867.
500 _aSolo el texto.
596 1 _aEn verso de la port. consta: "... Galerías Dramáticas y Líricas de los Gullon é Hidalgo ..."
700 1 _aRogel, José.
_9131984
700 1 _aPoe, Edgar Allan,
_d1809-1849
_9188384
852 _aES-MaACL
_jF-8555(7)
_z-- Enc. pasta española
_q-- Falto de la cub. original
_z-- Enc. en un vol. facticio formando parte de la col. facticia "Teatro español moderno", v.7
999 _c157841
_d157841